Wagner

Đã lưu trong:
Chi tiết về thư mục
Tác giả chính: Lichtenberger, Henri (Tác giả)
Định dạng: Sách
Ngôn ngữ:Tiếng Tây Ban Nha
Được phát hành: Buenos Aires Tor 1942
Loạt:Los Maestros de la Música
Những chủ đề:
Các nhãn: Thêm thẻ
Không có thẻ, Là người đầu tiên thẻ bản ghi này!

MARC

LEADER 00000nam a2200000 a 4500
001 UCN2399
003 CL-VaPUC
005 20231110125209.0
008 010518e19420000AG |||||||||||||||||spa|d
999 |c 295501  |d 295499 
040 |c Pontificia Universidad Católica de Valparaíso 
082 0 4 |a 780.92 LIC 1942  |2 21 
100 0 |a Lichtenberger, Henri  |e author  |9 458215 
245 1 0 |a Wagner 
260 |a Buenos Aires  |b Tor  |c 1942 
300 |a 185 p 
490 0 |a Los Maestros de la Música 
583 |a last modification  |c 20010518 00:00:00  |k Rodrigo Vera 
600 0 |a Wagner, Wilhelm Richard  |9 265759 
650 0 |a Compositores alemanes  |9 324765 
650 0 |a Ópera  |2 CL-VaPUC  |9 306284 
650 0 |a Música alemana  |9 391247 
650 0 |a Romanticismo en la música  |9 306753 
650 0 |a Música, siglo 19  |2 CL-VaPUC  |9 456666 
942 |c BK  |2 ddc 
945 |d 20010518 00:00:00  |a crobeson 
952 |0 0  |1 0  |4 0  |6 780_920000000000000_LIC_1942  |7 0  |8 A  |9 348728  |a BIBEDU  |b BIBEDU  |d 2019-11-20  |i 1183176  |o 780.92 LIC 1942  |p 1183176  |r 2023-01-12  |w 2019-11-20  |y BK  |k MUS 
952 |0 0  |1 0  |4 0  |6 780_920000000000000_LIC_1942  |7 0  |8 A  |9 348729  |a BIBEDU  |b BIBEDU  |d 2019-11-20  |i 1183184  |o 780.92 LIC 1942  |p 1183184  |r 2023-01-12  |w 2019-11-20  |y BK  |k MUS